Logo BPK

Biblioteka

Politechniki Koszalińskiej

Common mistakes at CAE ... and how to avoid them / (Rekord nr 46643)

Szczegóły MARC
000 -ETYKIETA REKORDU
podpole kontrolne o stałej długości 00634nam a2200217 i 4500
001 - NUMER KONTROLNY REKORDU
pole kontrolne bg
020 ## - MIĘDZYNARODOWY ZNORMALIZOWANY NUMER KSIĄŻKI - ISBN
ISBN 0521603773
040 ## - ŹRÓDŁO KATALOGOWANIA
Instytucja, która utworzyła rekord BPK
041 0# - KOD JĘZYKA
Kod języka tekstu eng
080 ## - UNIWERSALNA KLASYFIKACJA DZIESIĘTNA - UKD
UKD 811.111'271(07)
920 ## - Międzynarodowy znormalizowany numer książki – ISBN
ISBN 0-521-60377-3
008 - POLE O STAŁEJ DŁUGOŚCI - DANE KONTROLNE
podpole kontrolne o stałej długości s pl f |000 0 pol
100 1# - NAZWA OSOBOWA
Nazwa osobowa POWELL, Debra
245 10 - TYTUŁ/ODPOWIEDZIALNOŚĆ
Tytuł Common mistakes at CAE ... and how to avoid them /
Pozostałe elementy strefy tytułu i oznaczenia odpowiedzialności Debra Powell.
260 ## - STREFA ADRESU WYDAWNICZEGO
Miejsce wydania Cambridge :
Nazwa wydawcy/dystrybutora Cambridge University Press,
Data publikacji, dystrybucji/powstania dokumentu 2005.
300 ## - STREFA OPISU FIZYCZNEGO
Objętość 64 s. :
Inne cechy fizyczne rys. ;
Rozmiary 21 cm.
650 #9 - HASŁO PRZEDMIOTOWE W FORMIE NAZWY OGÓLNEJ LUB JEDNOSTKOWEJ
Nazwa ogólna lub geograficzna Język angielski
Określnik ogólny błędy
655 ## - TERMIN INDEKSOWY - OKREŚLENIE RODZAJU/FORMY DOKUMENTU
Określenie rodzaju/formy dokumentu Podręczniki
942 ## - DODATKOWE ELEMENTY (KOHA)
Typ dokumentu Książka
Egzemplarze
Wycofany Status egzemplarza Uszkodzony Dostępność Lokalizacja stała Lokalizacja bieżąca Miejsce przechowywania Sygnatura Kod kreskowy Typ dokumentu
      Dostępny Biblioteka Politechniki Koszalińskiej Biblioteka Politechniki Koszalińskiej Wypożyczalnia BG 76693 02271644 Książka
      Dostępny Biblioteka Politechniki Koszalińskiej Biblioteka Politechniki Koszalińskiej Wypożyczalnia BG 76694 02271637 Książka
© 2023 Biblioteka Politechniki Koszalińskiej :: KOHA